| 000 | 00486nam a2200181 a 4500 | ||
|---|---|---|---|
| 005 | 20140414093840.0 | ||
| 008 | 071009s19uu xx uuu eng d | ||
| 020 | _a1-4166-0470-7 | ||
| 050 |
_aDVD 370 _bHOW 2006 |
||
| 245 |
_aThe how to collection : _bhelping new teachers. |
||
| 260 |
_aVirginia, USA : _bASCD, _cc2006. |
||
| 300 | _a1 video disk | ||
| 440 | _aThe how to collection | ||
| 650 | _aEducational video. | ||
| 650 | _aCurriculum. | ||
| 942 | _cAVM | ||
| 999 |
_c109222 _d109222 |
||